| 000 | 00346nam a2200121Ia 4500 | ||
|---|---|---|---|
| 008 | 210430s9999 xx 000 0 und d | ||
| 082 | _a070.01 N334 T | ||
| 100 |
_aAhsan Akhtar Naz _9128878 |
||
| 245 |
_aTaraqi Pasand Tehreek o Sahafat: Makalmat / _cAhsan Akhtar Naz |
||
| 260 |
_aLAHOR _bNADEM YUNAS _c2008 |
||
| 300 | _a256P | ||
| 942 |
_cBK _2ddc |
||
| 999 |
_c563375 _d563375 |
||